| LEADER |
01177nam0a2200229 450 |
| 001 |
16821120 |
| 010 |
|
|
|a 978-2-01-202424-3
|b rel.
|d 4,95
|
| 100 |
|
|
|a 20110907d2026 u u0frey01 ba
|
| 101 |
1 |
|
|a fre
|c eng
|
| 102 |
|
|
|a FR
|
| 200 |
0 |
|
|a cheval ailé (Le)
|f Adam Blade
|g adapté de l'anglais par Blandine Longre
|
| 207 |
|
1 |
|a
|
| 210 |
|
|
|a Paris
|c Hachette-Jeunesse
|d DL 2011
|
| 215 |
|
|
|a 1 vol. (91 p.)
|c ill. en coul., couv. ill. en coul.
|d 18 cm
|
| 225 |
1 |
|
|a Royaume des ombres
|v 16
|
| 330 |
|
|
|a Tom et Elena ont vaincu l'homme-taureau, la première des six Bêtes maléfiques de Gorgonia. Le garçon possède désormais de nombreux pouvoirs, ainsi qu'un rubis magique qui lui permet de communiquer avec Tagus. Mais leur mission est loin d'être terminée : Tom et son amie doivent partir à la recherche de la deuxième Bête, un cheval ailé, pour sauver Epos, l'oiseau-flamme.
|
| 461 |
|
0 |
|t Beast Quest Royaume des ombres
|v 16
|
| 700 |
|
0 |
|a Blade
|b Adam
|f 1980?-....
|4 70
|
| 702 |
|
0 |
|a Longre
|b Blandine
|f 1970-....
|4 730
|
| 900 |
|
|
|a Roman enfant
|
| 901 |
|
|
|a Accessible au prêt
|
| 995 |
|
|
|a Bibliothèque
|c Bibliothèque
|f 024015637
|h 024015637
|k E C3 BLA
|o p
|q j
|r az
|e Bibliothèque
|